Statistics for Stockholm Metro / Subway

Click here to take the quiz!

General Stats

  • This quiz has been taken 16 times
  • The average score is 54 of 100

Answer Stats

Tidigare namnAnswer% Correct
Akalla
78%
Kista
78%
Slussen
78%
Solna centrum
78%
Abrahamsberg
67%
Alvik
67%
Blåsut
67%
Bredäng
67%
Brommaplan
67%
Danderyds sjukhus
67%
Gamla stan
67%
Gubbängen
67%
Hässelby strand
67%
KungsgatanHötorget
67%
Karlaplan
67%
Kungsträdgården
67%
Liljeholmen
67%
Mariatorget
67%
Medborgarplatsen
67%
Mörby centrum
67%
Odenplan
67%
Östermalmstorg
67%
Rådhuset
67%
Ropsten
67%
RingvägenSkanstull
67%
Sundbybergs centrum
67%
CentralenT-Centralen
67%
Tekniska Högskolan
67%
Tensta
67%
Vällingby
67%
Zinkensdamm
67%
Åkeshov
56%
Aspudden
56%
Axelsberg
56%
Bagarmossen
56%
Bandhagen
56%
Bergshamra
56%
Blackeberg
56%
Duvbo
56%
Enskede gård
56%
Farsta
56%
Farsta Strand
56%
Fittja
56%
Fridhemsplan
56%
Fruängen
56%
Gärdet
56%
Isstadion, SlakthusetGloben
56%
JohanneshovGullmarsplan
56%
Hammarbyhöjden
56%
Hässelby gård
56%
Högdalen
56%
Hökarängen
56%
Islandstorget
56%
Kristineberg
56%
Masmo
56%
Örnsberg
56%
Rådmansgatan
56%
Rågsved
56%
Rinkeby
56%
Rissne
56%
Sankt Eriksplan
56%
Sätra
56%
Skärholmen
56%
HammarbySkärmarbrink
56%
Skogskyrkogården
56%
Stadion
56%
Stadshagen
56%
Svedmyra
56%
Thorildsplan
56%
Universitetet
56%
Västertorp
56%
Västra skogen
56%
Alby
44%
Hagsätra
44%
Hallunda
44%
Husby
44%
Kärrtorp
44%
Mälarhöjden
44%
Midsommarkransen
44%
Näckrosen
44%
Norsborg
44%
Råcksta
44%
Sandsborg
44%
Skarpnäck
44%
Sockenplan
44%
VretenSolna strand
44%
Stora mossen
44%
Stureby
44%
Tallkrogen
44%
Telefonplan
44%
FärgestadsvägenÄngbyplan
33%
Hägerstensåsen
33%
Hjulsta
33%
Johannelund
33%
Vårberg
33%
Vårby gård
33%
Björkhagen
22%
Huvudsta
22%
Hallongbergen
11%
Horstull
0%

Score Distribution

Percentile by Number Answered

Percent of People with Each Score

Your Score History

You have not taken this quiz